000 01079nam a2200301 i 4500
001 000017889
003 DO-SdBNP
005 20250904095428.0
007 ta
008 100407s1976 dr a 000 0 spa d
040 _aDO-SdBNP
_bspa
_cBNPHU
_erda
041 _aspa
082 4 _a917.293
_bR696g
_222
100 1 _aRodríguez, Armando,
_eautor
_4aut.
_9578
245 1 0 _aGeografía de la isla de Santo Domingo y reseña de las demás Antillas /
_cArmando Rodríguez.
250 _aSegunda edición
264 1 _aSanto Domingo :
_bSociedad Dominicana de Geografía,
_c1976.
300 _a504 páginas :
_bilustraciones ;
_c25 cm.
336 _atexto
_btxt
_2rdacontent
337 _asin mediación
_bn
_2rdamedia
338 _avolumen
_bnc
_2rdacarrier
490 0 _aSociedad Dominicana de Geografía
_v11
500 _aIncluye referencias bibliográficas y notas al pie de las páginas
590 _aInventariado, 2024/BT
651 4 _aIsla Española (Haití y República Dominicana)
_xGeografía
_938821
910 _aValidado. Control de calidad MFF
942 _2ddc
_cLBS1
999 _c17413
_d17413